01174 a2200181 45000010006000000050017000060080041000230030015000640400040000790800062001192450053001810200018002342640034002523000019002865050559003051000031008648560097008951517620260407155449.0260407a1987 arg spa dAR-UNSa-BCEJYS aAR-UNSa-BCEJYSbspacAR-UNSa-BCEJYS a004.7xComunicación informática. Redes de ordenadores10aComunicaciones y redes de procesamiento de datos a968-422-147-9 1aMéxico :bMcGraw-Hillc1987 a396 p.c23 cm. a1. Introducción - 2. Conceptos y definiciones básicas - 3. Elementos de un sistema de comunicaciones - 4. Medios físicos de transmisión - 5. Detección y corrección de errores de transmisión - 6. Disciplinas de comunicaciones - 7. Conceptos de redes de procesamiento de datos - 8. Redes locales LAN (Local Area Network) - 9. Redes públicas de datos PDN Public Data Network - 10. SNA (System Network Architecture) - 11. DCNA (Data Communications Network Architecture) - 12. DECNET - 13. DSE Y DSA - 14. Redes privadas y servicios especiales1 aGonzález Sainz, Néstor41uhttps://www.biblioeco.unsa.edu.ar/pmb/images/libros/15176.jpgyImagen de portadaqimage/jpeg